Town Planning in Questions and Answers (Record no. 549148)
[ view plain ]
| 000 -LEADER | |
|---|---|
| fixed length control field | 00416nam a22001457a 4500 |
| 082 ## - DEWEY DECIMAL CLASSIFICATION NUMBER | |
| Classification number | 711.43 |
| Author Mark | TOW |
| -- | L-14, P-92 |
| 100 ## - MAIN ENTRY--PERSONAL NAME | |
| Personal name | Shahane |
| 9 (RLIN) | 40703 |
| 245 ## - TITLE STATEMENT | |
| Title | Town Planning in Questions and Answers |
| Statement of responsibility, etc. | Shahane |
| 250 ## - EDITION STATEMENT | |
| Edition statement | 1971 |
| 260 ## - PUBLICATION, DISTRIBUTION, ETC. | |
| Place of publication, distribution, etc. | Karachi |
| Name of publisher, distributor, etc. | Union Book Stall M. A. Jinnah Road (Bunder Road) |
| Date of publication, distribution, etc. | 1971 |
| 300 ## - PHYSICAL DESCRIPTION | |
| Extent | 256 P, : |
| 526 ## - STUDY PROGRAM INFORMATION NOTE | |
| Program name | 0 |
| Interest level | 0 |
| Reading level | 0 |
| Title point value | 711_430000000000000_TOW |
| 650 ## - SUBJECT ADDED ENTRY--TOPICAL TERM | |
| Topical term or geographic name entry element | MCE |
| 9 (RLIN) | 379 |
| 942 ## - ADDED ENTRY ELEMENTS (KOHA) | |
| Source of classification or shelving scheme | |
| Koha item type | Book |
| Withdrawn status | Lost status | Source of classification or shelving scheme | Damaged status | Not for loan | Permanent Location | Current Location | Date acquired | Total Checkouts | Full call number | Barcode | Date last seen | Price effective from | Koha item type |
|---|---|---|---|---|---|---|---|---|---|---|---|---|---|
| Military College of Engineering (MCE) | Military College of Engineering (MCE) | 09/18/2014 | 711.43 TOW | MCE-29547 | 09/18/2014 | 09/18/2014 | Book |
